[Event "2024 Summer TNM: 1600-1999"]
[Site "San Francisco"]
[Date "2024.06.04"]
[Round "5.9"]
[White "Jian, Sheng"]
[Black "Walder, Michael"]
[Result "0-1"]
[WhiteElo "1625"]
[BlackElo "1978"]
[Annotator "TA 6.4"]
[PlyCount "44"]
[GameId "2053409329414173"]
[EventDate "2024.05.07"]
[EventType "swiss"]
[EventRounds "7"]
[EventCountry "USA"]

1. e4 c5 2. Nc3 e6 3. d4 cxd4 4. Qxd4 Nc6 5. Qd3 Nf6 6. Bf4 Bc5 7. O-O-O {next e5 is good for White.} O-O 8. f3 {[%eval -81,32]} (8. e5 $14 {[%eval 38,32] keeps the upper hand.} Ng4 9. Ne4 Nxf2 (9... Bxf2 10. Qh3 $16) 10. Nxf2 Bxf2 11. Kb1) 8... a6 {[%eval -20,33]} (8... d5 $1 $17 {[%eval -81,32]}) 9. g4 {[%eval -141,27] [#]} (9. Bd6 $11 {[%eval -20,33]} Bxd6 10. Qxd6) 9... h6 $146 {[%eval 41,32]} (9... d5 $1 $17 {[%eval -141,27] White must now prevent ...d4.} 10. exd5 exd5) ({Predecessor:} 9... b5 10. h4 Qa5 11. Kb1 Bb7 12. h5 d5 13. e5 Nd7 14. g5 Nb4 15. Qe2 d4 16. a3 dxc3 17. Rxd7 cxb2 18. c3 Nd5 19. Bd2 Qxa3 20. Kc2 Qb3+ 21. Kb1 Qa3 22. Kc2 Qa2 {0-1 Wu,D (2295)-Toktomushev,T (2268) Titled Tuesday intern op 06th Feb Early Chess.com INT blitz 2024 (3)}) 10. e5 {[%eval -17,33]} (10. Qd2 $14 {[%eval 41,32]}) 10... Ne8 {[%eval 68,29]} ({Black should try} 10... Qc7 $11 {[%eval -17,33]}) 11. Ne4 {[%eval -21,32]} (11. Nh3 $1 $14 {[%eval 68,29]}) 11... Be7 {[%eval 18,32] [#]} (11... Bd4 $142 {[%eval -21,32]} 12. g5 h5 (12... Nxe5 $2 13. Qxd4 Nc6 14. Qf2 $18) (12... Bxe5 13. Bxe5 Nxe5 14. Qc3 $15) (12... Qb6 13. c3 $15)) 12. h4 {[%eval -39,28]} Qa5 $1 $15 13. Ng5 {[%eval -138,34] [#]} f5 $1 $17 {...Qxa2! would now be deadly.} (13... hxg5 14. hxg5 f5 (14... Qxa2 15. Qh7#) (14... g6 $2 15. Qe2 $18) 15. exf6 (15. gxf6 Nxf6 16. exf6 Bxf6 $18) 15... Nxf6 16. gxf6 Bxf6 17. Bd6 $18) 14. exf6 Nxf6 (14... hxg5 $2 15. fxe7 (15. hxg5 Nxf6 16. gxf6 Bxf6 $16) 15... Nxe7 16. Bxg5 $18) 15. a3 {[%eval -172,27]} d5 {[%eval -38,33]} (15... hxg5 16. hxg5 Nd5 (16... Ne5 17. Bxe5 Qxe5 18. gxf6 $16) 17. Bd2 $15) (15... b5 $19 {[%eval -172,27] aiming for ...b4!} 16. Bd2 b4) 16. Qg6 $2 {[%eval -325,30] This move loses the game for White.} Bd7 $19 (16... hxg5 17. hxg5 Bxa3 (17... Qa4 $2 18. Bg3 $18) 18. gxf6 Bxb2+ 19. Kxb2 $11) 17. Nxe6 {[%eval -420,33]} (17. Ne2 {[%eval -278,29] was worth a try.} Bxa3 {Demolition} (17... hxg5 18. hxg5 Be8 19. Qd3 $11) 18. bxa3 Qxa3+ (18... hxg5 19. Bd6 $11) 19. Kd2) 17... Bxe6 18. Bxh6 Rf7 19. Bf4 {[#]} Bxa3 $1 20. Nh3 (20. Ne2 d4) 20... Bb4 21. Kb1 {Dodges Qa1+} d4 22. b3 Bc3 {Weighted Error Value: White=1.15/Black=0.51} 0-1

[Event "2024 Summer TNM: 1600-1999"]
[Site "San Francisco"]
[Date "2024.06.04"]
[Round "5.11"]
[White "Marvin, Hayes Alexander"]
[Black "Wong, Wilson"]
[Result "1-0"]
[WhiteElo "1829"]
[BlackElo "1908"]
[Annotator "Wong,Wilson"]
[PlyCount "77"]
[GameId "2053409329426462"]
[EventDate "2024.05.07"]
[EventType "swiss"]
[EventRounds "7"]
[EventCountry "USA"]

1. d4 Nf6 2. Nf3 d5 3. Bf4 c5 4. e3 Nc6 5. c3 Qb6 6. Qb3 c4 7. Qc2 Bf5 8. Qc1 Nh5 9. Bg3 Nxg3 10. hxg3 {My opponent spent no time at all on the opening.} h6 {I was deciding between this, 10...g6, and 10...e6. I ultimately settled for this because it plays against f3-knight and h1-rook, while preserving my bishop. I didn't like 10...e6 since I thought my pawn structure would be worse and I didn't like 10...g6 because I thought my opponent benefited more from getting d4-square than me getting d3-square.} (10... g6 {I like this because White hasn't castled so this plays against White pressuring h7-pawn with rook and queen. I'm skeptical of how good ...Bg7, ...e5 is when White gets d4-square but I'm not able to effectively utilize d3-square.}) (10... e6 11. Nh4 {I didn't like this because my light-squared bishop can't retreat without destroying my pawn structure but White getting in Nbd2 and e4 also wrecks my center since it would undermine my support of c4-pawn. Stockfish likes 11...Bg4, 11...Be4, or even just 11...Bxb1.I like just 11...Bxb1 then ...g6 which doesn't seem great.}) 11. Be2 {White continues development while not committing to castling.} e6 {A natural move. I think if White tries to break with e4 then I just retreat my f5-bishop and let my opponent trade or push, keeping d5-c4 chain intact. Those two pawns would do a good job of controlling squares my opponent wants to utilize.} 12. Bd1 {White intends to trade light-squared bishops but spends a lot of time to do so.} Bd6 {Staying flexible on which side to castle.} 13. Bc2 Bxc2 14. Qxc2 {I don't know how to play this structure. I had trouble with finding a good plan. I thought White had b3 and e4 to destroy my center, while also having Ng5 threat looming over my head. I was worried about White freeing their position with e4 but I think its totally fine for me to just ignore it since I think ...exd5 gives me a foothold in the center.} O-O-O {I think this move doomed the game for me. I didn't like having to play this because b3 has no good answer, but ...O-O didn't work and I was too worried about e4. I thought I would just guard a7-square, but as the game will later show, that doesn't work. I spent a lot of time trying to come up with a move but I think I should've looked for other candidate moves more seriously because this move gives me a really bad position and White's plan is both strong and obvious.} (14... O-O {I didn't like this move in view of Ng5.} 15. Ng5 f5 {I thought this blundered a pawn.} (15... Rfe8 $4 {Trying to escape with my king doesn't work.} 16. Rxh6 gxh6 17. Qh7+ Kf8 18. Qxf7#) 16. Nxe6 Nb4 $1 17. cxb4 Bxb4+ {Winning back the piece and I think Black is doing fine.}) (14... f5 {I didn't like this because White could undermine my center with b3, c4, d5, when f5-pawn looses its defender and my center evaporates.}) (14... Qd8 {If I had a re-do, I like this best. This guards g5-square, guards a8-rook and I can safely ...O-O then expand on queenside with b5, a5, b4.}) (14... Qc7 {It's a real shame I looked at this move and dismissed it because of b3 and a4, but didn't think consider ...Qd8 which solves all my problems.}) 15. Nbd2 f5 {I really didn't like my position. I decided to go for this controlling e4-square and waiting for White to decide where they wanted to castle.} 16. b3 {White gets a semi-open a-file eyeing my king. It's really wild but I think running to kingside could be an option because its way too dangerous on queenside.} cxb3 17. axb3 {I would like to run to kingside, but I can't because of c4 threatening to fork on pieces and the weakening of d5- and f5-pawns.} Kb8 {Because of the tactics White is threatening, I think I'm trapped on the queenside.} 18. O-O Ka8 $6 {This is a waste of time. I wanted to protect a7-pawn with ...Bb8 but this wastes so much time and traps my king, with no hope of ever leaving. I can't effectively protect a7-pawn because White can triple on a-file, push c5, and threaten Nb6.} (18... g5 {I could've gone this route had I figured out a good solution to c4, c5 threat. I think ...f4 is a real threat to open White's shelter. I was so focused and failing to find a solution to c4, c5, that I failed to realize my king wasn't as unsafe as I thought it was and White's king wasn't as safe either. The pawn on the kingside I made in the game were very wrong since it didn't open lines.} 19. c4 Bb4 20. cxd5 Rxd5 {This is a great outcome for Black.}) 19. Ra4 Bb8 {I continued my terrible plan. I was so worried about c4 in the game and was facing a lot of time pressure that I didn't even consider my attacking ideas such as ...g5, ...f4. At this point my opponent used 13 minutes to my 44 minutes.} (19... g5 20. b4) 20. Rfa1 g5 {Better late than never, but the idea I went for was total nonsense, and I see that now that I'm not pressured by the clock.} 21. b4 (21. c4 f4 {This move seems so obvious looking over the game, but I didn't even consider this idea since I'm not familiar with the pawn structure.} 22. c5 Qb5 $2 23. Nc4 {Black is doomed.}) 21... g4 {The only plan I had was to displace White's f3-knight and try to defend my king. It is incredibly slow to get to White's king, meanwhile White is already knocking on my King's door.} (21... f4 {The ...f4 idea here is a lot worse.} 22. gxf4 gxf4 23. exf4 {Black opens g-file, but White is perfectly safe and Black has no pawn breaks on the kingside.}) 22. Nh4 Ne7 (22... Qb5 {A temporary blockade, but it buys Black time to maneuver pieces.} 23. c4 {This is less effective now that Black's queen is on b5-square since b4-pawn is blockaded and Nxc4 doesn't hit Black's queen.} (23. Nb1 Ne7 24. Na3 Qe8 {I don't know how to go about defending this position. White has c4, c5, b5, Nb6, and triples on a-file ideas, while Black's counterplay is too slow. If I play ...b6 then defend the 7th-rank with my rooks, b6-pawn is pinned and I'll get tangled up trying to hold it, and probably get squeezed and overloaded.}) 23... dxc4 24. Nxc4 Rc8 {And Black at least have some life for their pieces.}) 23. Qa2 Rhg8 {Trying to prevent h5-knight from returning into the game.} (23... Nc8 {The best defense.} 24. c4 Rh7 {Intending to defend laterally and hold everything together.} 25. c5 Qc7 26. b5 {This is so lost.}) 24. c4 Nc8 25. c5 Qc7 (25... Qb5 26. Nb1 Qe8 27. Nc3 Rd7 28. b5 b6 29. Ra6 Rb7 30. Nxf5 Rf8 31. Nh4) 26. b5 b6 {Unfortunately, I have too many weaknesses and no time.} 27. Nb3 Rg7 28. Ra6 {I can't hold the position together. a7-pawn is pinned so any piece on b6-square will drop off. e6-pawn is weak, and White can bring their a1-rook to c-file.} Rdd7 29. Rc1 Qd8 30. cxb6 f4 {It took me way too long to see this idea.} 31. Nc5 fxg3 32. Nxd7 Rxd7 33. bxa7 {Black is completely lost.} Rxa7 34. fxg3 Qg5 35. Rxc8 Qxe3+ 36. Qf2 Qd3 37. Rxa7+ Kxa7 38. Qa2+ Kb7 39. Qa6# {1-0 White wins.} 1-0

[Event "2024 Summer TNM: 1600-1999"]
[Site "San Francisco"]
[Date "2024.06.04"]
[Round "5.11"]
[White "Maheshwari, Anubhav"]
[Black "Fernandes, Joshua"]
[Result "0-1"]
[WhiteElo "1590"]
[BlackElo "1917"]
[Annotator "Winslow,Elliott"]
[PlyCount "67"]
[GameId "2053409329434655"]
[EventDate "2024.05.07"]
[EventType "swiss"]
[EventRounds "7"]
[EventCountry "USA"]

1. e4 c5 2. Nf3 d6 3. g3 Nc6 4. Bg2 Nf6 5. d3 Bg4 6. c3 e6 7. Nbd2 Be7 8. h3 Bh5 9. g4 Bg6 10. Nh4 d5 11. f4 {[#]} dxe4 12. dxe4 Bxe4 13. Nxe4 Nxe4 14. Qxd8+ Rxd8 15. Bxe4 Bxh4+ 16. Ke2 Kd7 17. g5 h6 18. Rd1+ Kc7 19. Be3 hxg5 20. fxg5 Bg3 21. Bxc5 b6 22. Bxc6 Rxd1 23. Rxd1 Kxc6 24. Rd3 Be5 25. Bf2 f6 26. gxf6 Bxf6 27. Kf1 a5 28. Kg2 b5 29. Kg3 b4 30. cxb4 axb4 31. Bd4 Rd8 32. Re3 Rxd4 33. Rxe6+ Kd5 34. Re2 {Scoresheets stop making sense -- 1-0 46.} 0-1

[Event "2024 Summer TNM: 1600-1999"]
[Site "San Francisco"]
[Date "2024.06.04"]
[Round "5.12"]
[White "Dutter, Frederic"]
[Black "Babayan, Gagik"]
[Result "1-0"]
[WhiteElo "1900"]
[BlackElo "1654"]
[PlyCount "93"]
[GameId "2053409329438752"]
[EventDate "2024.05.07"]
[EventType "swiss"]
[EventRounds "7"]
[EventCountry "USA"]

1. e4 e5 2. Nf3 Nf6 3. Nxe5 d6 4. Nf3 Nxe4 5. Nc3 Nxc3 6. dxc3 Be7 7. Be3 O-O 8. Qd2 c6 9. O-O-O Qc7 10. Bd3 Nd7 11. Bf5 Nf6 12. Bxc8 Raxc8 13. Bf4 Qa5 14. Kb1 d5 15. Rhe1 Ne4 16. Qe2 Bf6 17. Nd4 Qb6 18. Ka1 Qc5 19. Nb3 Qxf2 20. Be3 Qxe2 21. Rxe2 b6 22. Bd4 Rfe8 23. Rde1 Bg5 24. Be3 Bxe3 25. Rxe3 Nf6 26. Rxe8+ Rxe8 27. Rxe8+ Nxe8 28. Nd4 c5 29. Nc6 Nc7 30. Nxa7 f5 31. Nc8 Kf7 32. Nxb6 g5 33. Kb1 Ke6 34. Kc1 h5 35. Kd2 f4 36. Ke2 Kf5 37. a4 g4 38. a5 Ke4 39. Nd7 f3+ 40. gxf3+ gxf3+ 41. Kf2 Kf4 42. Nxc5 Kg4 43. a6 h4 44. a7 Kh3 45. Ne6 Na8 46. Ng5+ Kxh2 47. Nxf3+ 1-0

[Event "2024 Summer TNM: 1600-1999"]
[Site "San Francisco"]
[Date "2024.06.04"]
[Round "5.13"]
[White "Admassu, Yonathan"]
[Black "Fan, Jimmy Qinmo"]
[Result "0-1"]
[WhiteElo "1747"]
[BlackElo "1623"]
[Annotator "Winslow,Elliott"]
[PlyCount "72"]
[GameId "2053409329438753"]
[EventDate "2024.05.07"]
[EventType "swiss"]
[EventRounds "7"]
[EventCountry "USA"]

1. e4 c6 2. d4 d5 3. Nc3 dxe4 4. Nxe4 Bf5 5. Ng3 Bg6 6. h4 h6 7. Nf3 Nd7 8. h5 Bh7 9. Bd3 Bxd3 10. Qxd3 e6 11. Bd2 Qc7 12. O-O-O Ngf6 13. Kb1 O-O-O 14. Qe2 Bd6 15. Ne4 Nxe4 16. Qxe4 Nf6 17. Qe2 Rhe8 18. Ne5 Re7 19. f4 Nd7 20. g4 f6 21. Ng6 Ree8 22. Rhe1 Nf8 23. Nxf8 Bxf8 24. f5 e5 25. dxe5 Rxe5 26. Qf3 {[#]} Rxd2 27. Rxe5 Rxd1+ 28. Qxd1 Qxe5 29. a3 Bd6 30. c3 Qd5 31. Qe2 Qb3 32. Ka1 Bxa3 33. bxa3 Qxa3+ 34. Kb1 Qb3+ 35. Ka1 Qxc3+ 36. Kb1 Qb3+ 0-1

[Event "2024 Summer TNM: 1600-1999"]
[Site "San Francisco"]
[Date "2024.06.04"]
[Round "5.14"]
[White "Chan, John"]
[Black "Lamstein, Joshua"]
[Result "0-1"]
[WhiteElo "1512"]
[BlackElo "1719"]
[PlyCount "98"]
[GameId "2053409329438754"]
[EventDate "2024.05.07"]
[EventType "swiss"]
[EventRounds "7"]
[EventCountry "USA"]

1. c4 c6 2. Nf3 d5 3. cxd5 cxd5 4. e3 Nf6 5. h3 Nc6 6. a3 e5 7. Bb5 Bd6 8. O-O O-O 9. Bxc6 bxc6 10. d3 Ba6 11. Re1 Re8 12. e4 h6 13. Nc3 d4 14. Ne2 c5 15. b3 Rb8 16. Ng3 Qb6 17. Nf5 Bf8 18. Rb1 c4 19. Nxe5 c3 20. Nc4 Bxc4 21. dxc4 Rbd8 22. Qd3 a5 23. Kh1 Kh7 24. e5 g6 25. Ng3 Nd7 26. f4 Nc5 27. Qf3 d3 28. f5 d2 29. fxg6+ Qxg6 30. Bxd2 cxd2 31. Rf1 Rd3 32. Qf2 Rxg3 33. Qxd2 Rxb3 34. Rbe1 a4 35. Rf6 Qh5 36. Ref1 Qxe5 37. Rxf7+ Bg7 38. Qc2+ Kh8 39. Qg6 Rg3 40. Qc6 Ne4 41. Qd7 Qe6 42. Rxg7 Rxg7 43. Rf8+ Rg8 44. Qd4+ Kh7 45. Rf3 Ng3+ 46. Kh2 Qe5 47. Qd3+ Kh8 48. Rf7 Nf1+ 49. Kh1 Qh2# 0-1

[Event "2024 Summer TNM: 1600-1999"]
[Site "San Francisco"]
[Date "2024.06.04"]
[Round "5.17"]
[White "Prasad, Thejas"]
[Black "Peterson, Jared E"]
[Result "1/2-1/2"]
[WhiteElo "1618"]
[BlackElo "1809"]
[PlyCount "35"]
[GameId "2053409329446948"]
[EventDate "2024.05.07"]
[EventType "swiss"]
[EventRounds "7"]
[EventCountry "USA"]

1. e4 e6 2. d4 d5 3. e5 c5 4. Nf3 Nc6 5. c3 Qb6 6. Be2 cxd4 7. cxd4 Nge7 8. Na3 Nf5 9. Nc2 h5 10. a3 a5 11. Rb1 a4 12. Qd3 Na5 13. Ne3 Be7 14. O-O Bd7 15. Nxf5 exf5 16. Nd2 Nc6 17. Nf3 Na5 18. Nd2 1/2-1/2

[Event "2024 Summer TNM: 1600-1999"]
[Site "San Francisco"]
[Date "2024.06.04"]
[Round "5.18"]
[White "Mercado, Adam"]
[Black "Sankar, Arvind"]
[Result "0-1"]
[WhiteElo "1751"]
[BlackElo "1946"]
[PlyCount "74"]
[GameId "2053409329451045"]
[EventDate "2024.05.07"]
[EventType "swiss"]
[EventRounds "7"]
[EventCountry "USA"]

1. e4 c5 2. Nf3 d6 3. d4 cxd4 4. Nxd4 Nf6 5. Nc3 Nc6 6. Be2 g6 7. Be3 Bg7 8. Qd2 Ng4 9. Bxg4 Bxg4 10. f3 Bd7 11. O-O-O Ne5 12. Bg5 Nc4 13. Qe2 Rc8 14. Nd5 f6 15. Bh4 e6 16. b3 exd5 17. bxc4 dxc4 18. f4 Qa5 19. c3 Qxc3+ 20. Nc2 Ba4 21. Rd2 Bxc2 22. Rxc2 Qa1+ 23. Kd2 c3+ 24. Ke3 Qxh1 25. Qb5+ Kd8 26. Qxb7 Rc7 27. Qb8+ Kd7 28. Qb5+ Ke7 29. e5 Qd1 30. exd6+ Qxd6 31. Re2 Kf7 32. Qa4 Qb6+ 33. Kf3 Qc6+ 34. Qxc6 Rxc6 35. Rc2 Rb8 36. Ke3 Rb2 37. Kd3 Rd6+ 0-1

[Event "2024 Summer TNM: 1600-1999"]
[Site "San Francisco"]
[Date "2024.06.04"]
[Round "5.19"]
[White "Ni, April"]
[Black "Ploquin, Phil"]
[Result "1/2-1/2"]
[WhiteElo "1403"]
[BlackElo "1622"]
[Annotator "Winslow,Elliott"]
[PlyCount "93"]
[GameId "2053409329451046"]
[EventDate "2024.05.07"]
[EventType "swiss"]
[EventRounds "7"]
[EventCountry "USA"]

1. e4 e5 2. Nf3 Nf6 3. Nxe5 d6 4. Nf3 Nxe4 5. d4 d5 6. Nbd2 Bd6 7. Bd3 Nf6 8. O-O O-O 9. Re1 Re8 10. Nf1 h6 11. Ng3 Bg4 12. Rxe8+ Nxe8 13. Bd2 Nd7 14. h3 Be6 15. Ne2 Nef6 16. c3 Ne4 17. Qc2 Ndf6 18. Be3 Rc8 19. Bxe4 Nxe4 20. Rd1 c6 21. c4 Bf5 22. Qb3 dxc4 23. Qxc4 Qf6 24. Nc3 Nxc3 25. bxc3 Bxh3 26. Nd2 Qg6 27. Qf1 Bg4 28. f3 Bf5 29. Nc4 Bg3 30. Bf2 Bf4 31. Ne3 Re8 32. Nxf5 Qxf5 33. Re1 Re6 34. g4 Qf6 35. Rxe6 Qxe6 36. Qb1 Be3 37. Qxb7 Bxf2+ 38. Kxf2 Qxa2+ 39. Kg3 Qc4 40. Qc8+ Kh7 41. Kf4 Qd5 42. Qa8 a5 43. Kg3 Qb5 44. c4 Qxc4 45. Qxa5 Qd5 46. Qxd5 $6 cxd5 47. Kf4 (47. Kf4 {[#]} g6 $1 48. Ke5 {(Why Black agreed to a draw -- retreats lose as well)} h5 $1 49. gxh5 gxh5 50. Kxd5 h4 {[%csl Rf3][%cal Gd5e4,Gg2h1] wins -- White is in the square of the passed pawn, but the pawn at f3 blocks its path.}) 1/2-1/2

[Event "2024 Summer TNM: 1600-1999"]
[Site "San Francisco"]
[Date "2024.06.04"]
[Round "5.20"]
[White "Ross, Max L"]
[Black "Yan, Rayna"]
[Result "1-0"]
[WhiteElo "1622"]
[BlackElo "1535"]
[PlyCount "94"]
[GameId "2053409329451047"]
[EventDate "2024.05.07"]
[EventType "swiss"]
[EventRounds "7"]
[EventCountry "USA"]

1. d4 Nf6 2. c4 g6 3. Nf3 Bg7 4. g3 O-O 5. Bg2 d5 6. O-O Nbd7 7. Nbd2 c6 8. Qc2 b6 9. e4 dxe4 10. Nxe4 Nxe4 11. Qxe4 Bb7 12. Bf4 Nf6 13. Qc2 Rc8 14. Rad1 e6 15. Bg5 h6 16. Bf4 g5 17. Be5 Qe7 18. c5 Ne8 19. Bxg7 Nxg7 20. Ne5 Qc7 21. b4 Nf5 22. Ng4 Kg7 23. Be4 Ne7 24. Ne3 Nd5 25. Bxd5 cxd5 26. f4 f5 27. fxg5 hxg5 28. Ng2 Rh8 29. Rf2 Bc6 30. Qd2 Kg6 31. Re1 Rce8 32. Re5 Qh7 33. Ne1 Kf6 34. Qe2 b5 35. Nf3 a6 36. Qe3 Qg6 37. Re2 Bd7 38. c6 Bc8 39. Qc3 Qg7 40. Rf2 Reg8 41. g4 Qf7 42. Ree2 f4 43. Ne5 Qh7 44. Qc5 Qe7 45. Qb6 Qxb4 46. Nd7+ Ke7 47. Nc5 Qxd4 {(mutual time scramble...)} 1-0

[Event "2024 Summer TNM: 1600-1999"]
[Site "San Francisco"]
[Date "2024.06.04"]
[Round "5.21"]
[White "Vandenhoven, Clarke Raymond"]
[Black "Powers, Christopher"]
[Result "0-1"]
[WhiteElo "1601"]
[BlackElo "1884"]
[Annotator "Powers,Christopher"]
[PlyCount "56"]
[GameId "2053234526127699"]
[EventDate "2024.05.07"]
[EventType "swiss"]
[EventRounds "7"]
[EventCountry "USA"]

1. e4 e5 2. Nc3 Nc6 3. Bc4 Nf6 4. d3 Bc5 5. Nf3 d6 6. Na4 Bb6 7. O-O Bg4 8. h3 Bh5 9. c3 Qd7 10. b4 h6 {[#]} 11. Re1 $2 (11. Qe2 {This is how to keep an advantage -- instead of pushing d4, get out of the pin} g5 12. Nxb6 axb6 13. Qe3 $14 g4 14. hxg4 Bxg4 (14... Qxg4 $2 15. Nh2 $16) (14... Nxg4 15. Qe1 $14) 15. Nh4 $14) 11... g5 $1 12. Nxb6 axb6 13. d4 g4 14. hxg4 Qxg4 15. Be2 $4 {This means g3 must be played, which heavily weakenes the light squares} (15. Re3 Rg8 16. Qf1) (15. Bf1) 15... Rg8 16. g3 (16. Ng5 Qh4 17. Bxh5 Nxh5) 16... Qh3 {Only move!} (16... Nxe4 17. Ng5 (17. Nd2)) (16... Qxe4 17. dxe5) 17. Bf1 Rxg3+ 18. fxg3 Qxg3+ 19. Bg2 Bxf3 20. Qxf3 (20. Re2 Ng4) (20. Qd2 Bxg2 21. Qf2 Qxf2+) 20... Qxe1+ 21. Bf1 O-O-O {[#] Apparently this is a top engine move, but I just hallucinated a mate in 2 after Rg8+ and hung the knight} 22. Qxf6 Rg8+ 23. Kh1 Qg3 (23... Qxe4+ {Also fine}) 24. Be3 Qxe3 (24... Rg4 $2 25. Bf2 $3 Qxc3 $8 26. Qf5+ $11 Kb8 27. Qxg4 Qxa1 28. Qg8+ Ka7 29. Kg1 Nxd4) 25. Bg2 Qxc3 26. Rg1 Kb8 (26... Nxd4 27. Qxf7 Qg3 $4 {Is an easy way to blunder most of the advantage} (27... Rh8) (27... Rd8) 28. Qxg8+ $1 Qxg8 29. Bh3+ Qe6 30. Rg8+ Kd7 31. Bxe6+ Nxe6 $15) 27. Qxf7 Qg3 28. Qh5 Rg4 0-1